Školské stravovanie

Na minha lista:
Detalhes bibliográficos
Autor principal: Nociarová, Anna (Author)
Outros Autores: Mikulajová, Anna (Thesis advisor)
Formato: Manuscrito Livro
Idioma:eslovaco
Publicado em: 2023
Assuntos:
Acesso em linha:http://is.stuba.sk/zp/portal_zp.pl?podrobnosti=156274
Tags: Adicionar Tag
Sem tags, seja o primeiro a adicionar uma tag!

MARC

LEADER 00000ntm a22000003a 4500
001 stuzp90350
003 SK-STU
005 20230909211442.0
007 ta
008 150427s2015----xo-----f-mn---000-0-slo-d
040 |a STU  |b slo 
041 0 |a slo 
100 1 |a Nociarová, Anna  |u 040270  |4 aut  |U FCHPT Ústav potravinárstva a výživy  |T FCHPT Oddelenie výživy a hodnotenia kvality potravín  |X 104143  |U C0270  |Y 686  |7 104143 
242 0 1 |a School Meals  |y eng 
245 1 0 |a Školské stravovanie 
260 |c 2023 
650 4 |a školské stravovanie  |2 slo 
650 4 |a diétne stravovanie  |2 slo 
650 4 |a zákon  |2 slo 
650 4 |a legislatíva  |2 slo 
650 4 |a program  |2 slo 
650 4 |a school catering  |2 eng 
650 4 |a dietary catering  |2 eng 
650 4 |a law  |2 eng 
650 4 |a program  |2 eng 
650 4 |a legislation  |2 eng 
700 1 |a Mikulajová, Anna  |u 043360  |k Z2  |4 ths  |U FCHPT Ústav biochémie a mikrobiológie  |T FCHPT Oddelenie výživy a hodnotenia potravín  |X 3927  |U C3360  |Y 114  |7 3927 
856 4 |u http://is.stuba.sk/zp/portal_zp.pl?podrobnosti=156274